[Event "27th CRO-chT 1A-Men 2018"]
[Site "Biograd"]
[Date "2018.09.09"]
[Round "2.13"]
[White "Postny, Evgeny"]
[Black "Abasov, Nijat"]
[Result "1/2-1/2"]
[WhiteElo "2621"]
[BlackElo "2632"]
[Annotator "TA"]
[PlyCount "65"]
[EventDate "2018.09.08"]
[EventType "team-tourn"]
[EventCountry "CRO"]
[SourceTitle "playchess.com"]
[Source "ChessBase"]
[SourceQuality "1"]

{[%evp 21,65,43,34,20,29,20,29,29,29,29,39,46,44,47,50,44,42,39,53,44,64,61,54,37,50,60,58,56,48,45,43,42,36,2,5,0,0,0,0,0,0,0,0,0,0,0]} 1. d4 Nf6 2. c4 e6 3. g3 d5 4. Bg2 Bb4+ 5. Nd2 O-O 6. Ngf3 b6 7. O-O Bb7 8. Ne5 Nbd7 9. Qa4 {E16: Queen's Indian: 4 g3 Bb7 5 Bg2 Bb4+} (9. Nxd7 Qxd7 10. a3 Be7 11. cxd5 exd5 12. Nf3 Bd6 13. Bf4 Bxf4 14. gxf4 c5 15. e3 Qe7 16. dxc5 bxc5 17. Qc2 Rac8 18. Qf5 Rfd8 {½-½ (33) Eljanov,P (2757)-Vitiugov,N (2718) Novi Sad 2016}) 9... Bxd2 10. Bxd2 Nxe5 11. dxe5 Nd7 {LiveBook: 10 Games} 12. Rfd1 $146 ({Predecessor:} 12. cxd5 Bxd5 13. Rfd1 Bxg2 14. Kxg2 Nxe5 15. Bc3 Qg5 16. Qb5 Nf3 {1-0 (45) Kozul,Z (2607)-Liang,A (2573) Sitges 2017}) 12... Nxe5 13. Bc3 Ng6 ({Of course not} 13... Nxc4 {[#]} 14. Qxc4 $1 {[%mdl 512]} dxc4 15. Rxd8 $16) 14. cxd5 exd5 15. e4 {[%cal Re4d5]} c6 16. exd5 cxd5 17. h4 f6 18. h5 Ne5 19. h6 gxh6 20. Qf4 h5 21. Bxe5 fxe5 22. Qxe5 {[%cal Rd1d5]} Qe8 23. Bxd5+ Bxd5 24. Qxd5+ Qf7 25. Rac1 Rae8 {[#] White must now prevent ...Re1+!} 26. Qxf7+ Rxf7 $14 {[%mdl 4096] Endgame KRR-KRR} 27. Kf1 Re4 {The position is equal.} 28. Rd5 h4 29. Rg5+ Kf8 30. Rc8+ Ke7 31. Rc7+ Ke6 32. Rxf7 Kxf7 33. Rd5 {Precision: White = 60%, Black = 72%.} 1/2-1/2

[Event "27th CRO-chT 1A-Men 2018"]
[Site "Biograd"]
[Date "2018.09.09"]
[Round "2.14"]
[White "Bogut, Zeljko"]
[Black "Pikula, Dejan"]
[Result "1/2-1/2"]
[WhiteElo "2415"]
[BlackElo "2469"]
[Annotator "TA"]
[PlyCount "40"]
[EventDate "2018.09.08"]
[EventType "team-tourn"]
[EventCountry "CRO"]
[SourceTitle "playchess.com"]
[Source "ChessBase"]
[SourceQuality "1"]

{[%evp 18,19,8,1]} 1. e4 c6 2. d4 d5 3. Nc3 dxe4 4. Nxe4 Bf5 5. Ng3 Bg6 6. h4 h6 7. Nf3 Nd7 8. h5 Bh7 9. Bd3 Bxd3 10. Qxd3 ({But not} 10. cxd3 Ngf6 $17) {Predecessor:} 10... e6 $146 11. Bd2 Bd6 12. O-O-O Ngf6 13. Kb1 Bc7 14. Nf1 b5 15. Ne3 Nb6 16. Rde1 Qd7 17. Rh4 O-O-O 18. Ba5 Rhe8 19. Rc1 Nfd5 20. Ne5 Qe7 {1-0 (40) Saric,I (2669)-Riazantsev,A (2650) Riadh 2017} 1/2-1/2

[Event "27th CRO-chT 1A-Men 2018"]
[Site "Biograd"]
[Date "2018.09.09"]
[Round "2.15"]
[White "Jovanovic, Zoran"]
[Black "Galic, Ivan"]
[Result "1/2-1/2"]
[WhiteElo "2540"]
[BlackElo "2416"]
[Annotator "TA"]
[PlyCount "45"]
[EventDate "2018.09.08"]
[EventType "team-tourn"]
[EventCountry "CRO"]
[SourceTitle "playchess.com"]
[Source "ChessBase"]
[SourceQuality "1"]

{[%evp 20,45,55,55,53,42,49,37,45,43,35,37,52,34,54,0,42,49,61,47,58,46,53,50,45,51,48,44]} 1. e4 c5 2. Nf3 e6 3. c4 Nc6 4. d4 cxd4 5. Nxd4 Nf6 6. Nc3 d6 7. Be2 Be7 8. O-O O-O 9. Be3 Bd7 10. Qd2 a6 11. Rfd1 {LiveBook: 10 Games. B54: Sicilian: 2...d6 3 d4 cxd4 4 Nxd4, Unusual Lines} (11. f3 Kh8 12. Rfd1 Ne5 13. Bf1 Rg8 14. Kh1 Rc8 15. b3 Nh5 {½-½ (15) Caletka,R (2382)-Biolek,R (2457) Czech Republic 2017}) 11... Rc8 12. f3 Qc7 13. Rac1 Qb8 14. Nxc6 Bxc6 15. a4 b6 16. Qe1 Nd7 17. Rb1 $146 ({White should play} 17. b4 $14) ({Predecessor:} 17. b4 Rfd8 18. Qg3 Ba8 {1-0 (44) Zavarce,O (2067)-Mendonca,M (2113) Bento Goncalves 2010}) 17... Bb7 18. Qg3 {White is slightly better.} Rfe8 19. Bd4 {[%csl Gd4][%cal Rg3g7] [#]} Bf8 20. Bf1 Qc7 21. Kh1 Ne5 22. b3 Nd7 23. Rd2 {Precision: White = 51%, Black = 48%.} 1/2-1/2

[Event "27th CRO-chT 1A-Men 2018"]
[Site "Biograd"]
[Date "2018.09.09"]
[Round "2.16"]
[White "Bender, Ivan"]
[Black "Bukal, Vladimir Jr"]
[Result "1-0"]
[WhiteElo "2261"]
[BlackElo "2380"]
[Annotator "ChessBase"]
[PlyCount "192"]
[EventDate "2018.09.08"]
[EventType "team-tourn"]
[EventCountry "CRO"]
[SourceTitle "playchess.com"]
[Source "ChessBase"]
[SourceQuality "1"]
[TimeControl "40/5400+30:1800+30"]

1. d4 {[%emt 0:06:30]} e6 {[%emt 0:00:30]} 2. Nf3 {[%emt 0:00:00]} f5 {[%emt 0:00:00]} 3. g3 {[%emt 0:00:00]} Nf6 {[%emt 0:00:00]} 4. Bg2 {[%emt 0:00:30]} d5 {[%emt 0:00:00]} 5. O-O {[%emt 0:00:00]} Bd6 {[%emt 0:00:00]} 6. c4 {[%emt 0:00:00]} O-O {[%emt 0:00:30]} 7. Qc2 {[%emt 0:01:30]} c6 {[%emt 0:06:30]} 8. Nc3 {[%emt 0:00:00]} Ne4 {[%emt 0:01:30]} 9. Rb1 {[%emt 0:01:00]} Nd7 {[%emt 0:00:30]} 10. b4 {[%emt 0:00:00]} Bc7 {[%emt 0:04:30]} 11. b5 {[%emt 0:07:00]} Nb6 {[%emt 0:02:30]} 12. bxc6 {[%emt 0:02:30]} bxc6 {[%emt 0:00:30]} 13. cxd5 {[%emt 0:09:30]} cxd5 {[%emt 0:04:30]} 14. Nxe4 {[%emt 0:18:30]} fxe4 {[%emt 0:12:30]} 15. Bg5 {[%emt 0:01:30]} Qd7 {[%emt 0:00:00]} 16. Nd2 {[%emt 0:00:30]} h6 {[%emt 0:12:00]} 17. Be3 {[%emt 0:00:30]} Ba6 {[%emt 0:00:30]} 18. Rfc1 {[%emt 0:07:30]} Bd6 {[%emt 0:02:30]} 19. Qd1 {[%emt 0:01:30]} Rac8 {[%emt 0:07:30]} 20. Rxc8 {[%emt 0:08:30]} Rxc8 {[%emt 0:01:30]} 21. Nb3 {[%emt 0:00:00]} Na4 {[%emt 0:04:30]} 22. Bd2 {[%emt 0:01:00]} Ba3 {[%emt 0:05:30]} 23. Bf1 {[%emt 0:11:30]} Qe7 {[%emt 0:10:30]} 24. Na5 {[%emt 0:02:30]} Nc3 {[%emt 0:03:30]} 25. Bxc3 {[%emt 0:01:32]} Rxc3 {[%emt 0:00:30]} 26. e3 {[%emt 0:06:42]} Bd3 {[%emt 0:02:47]} 27. Bxd3 {[%emt 0:03:35]} exd3 {[%emt 0:00:34]} 28. Nb3 {[%emt 0:00:30]} Qf7 {[%emt 0:04:55]} 29. Qf1 {[%emt 0:02:34]} Qf5 {[%emt 0:04:52]} 30. Rd1 {[%emt 0:00:34]} Kh7 {[%emt 0:05:06]} 31. Kg2 {[%emt 0:02:45]} Kg8 {[%emt 0:01:38]} 32. Kg1 {[%emt 0:02:35]} Bb4 {[%emt 0:00:53]} 33. Nc1 {[%emt 0:03:01]} d2 {[%emt 0:00:01]} 34. Rxd2 {[%emt 0:00:07]} Rxe3 {[%emt 0:00:50]} 35. Re2 {[%emt 0:00:09]} Re4 {[%emt 0:02:07]} 36. Qd1 {[%emt 0:01:23]} Qf3 {[%emt 0:00:47]} 37. Qc2 {[%emt 0:00:32]} Rxd4 {[%emt 0:00:24]} 38. Qc8+ {[%emt 0:00:21]} Kh7 {[%emt 0:00:25]} 39. Qc2+ {[%emt 0:00:22]} Qf5 {[%emt 0:00:00]} 40. Qxf5+ {[%emt 0:00:00]} exf5 {[%emt 0:00:00]} 41. Kg2 {[%emt 0:07:48]} Rd1 {[%emt 0:07:41]} 42. Nb3 {[%emt 0:00:30]} a5 {[%emt 0:00:30]} 43. a3 {[%emt 0:01:30]} Bc3 {[%emt 0:00:30]} 44. Rc2 {[%emt 0:00:30]} d4 {[%emt 0:01:30]} 45. Kf3 {[%emt 0:00:30]} Rb1 {[%emt 0:01:30]} 46. Nc5 {[%emt 0:04:24]} Rb5 {[%emt 0:03:30]} 47. Na4 {[%emt 0:06:04]} Rb3 {[%emt 0:00:00]} 48. Nxc3 {[%emt 0:00:01]} Rxa3 {[%emt 0:00:00]} 49. Kf4 {[%emt 0:00:24]} Rxc3 {[%emt 0:05:16]} 50. Rd2 {[%emt 0:00:30]} d3 {[%emt 0:00:12]} 51. Kxf5 {[%emt 0:00:40]} Rc2 {[%emt 0:00:07]} 52. Rxd3 {[%emt 0:00:02]} Rxf2+ {[%emt 0:00:04]} 53. Kg4 {[%emt 0:00:13]} Rf6 {[%emt 0:00:50]} 54. Ra3 {[%emt 0:02:31]} Ra6 {[%emt 0:00:02]} 55. Ra4 {[%emt 0:06:25]} Kg6 {[%emt 0:00:07]} 56. h4 {[%emt 0:00:55]} h5+ {[%emt 0:03:45]} 57. Kf4 {[%emt 0:00:37]} Kf6 {[%emt 0:00:02]} 58. Ke4 {[%emt 0:00:27]} Ke6 {[%emt 0:00:02]} 59. Kd4 {[%emt 0:00:40]} Kd6 {[%emt 0:03:12]} 60. g4 {[%emt 0:04:45]} hxg4 {[%emt 0:01:04]} 61. Kc3 {[%emt 0:00:15]} Ke7 {[%emt 0:06:14]} 62. Rxg4 {[%emt 0:00:18]} Kf7 {[%emt 0:00:06]} 63. Kb3 {[%emt 0:02:18]} Rb6+ {[%emt 0:03:11]} 64. Kc3 {[%emt 0:00:01]} Rb4 {[%emt 0:00:25]} 65. Rg5 {[%emt 0:00:01]} Rxh4 {[%emt 0:00:03]} 66. Rxa5 {[%emt 0:00:10]} Re4 {[%emt 0:00:10]} 67. Kd3 {[%emt 0:01:35]} Re6 {[%emt 0:00:55]} 68. Rg5 {[%emt 0:00:43]} Kf6 {[%emt 0:00:32]} 69. Rg3 {[%emt 0:00:29]} g6 {[%emt 0:00:43]} 70. Rg2 {[%emt 0:00:30]} Kf5 {[%emt 0:00:10]} 71. Rf2+ {[%emt 0:00:31]} Kg4 {[%emt 0:00:31]} 72. Rf1 {[%emt 0:00:30]} Kg3 {[%emt 0:01:28]} 73. Rg1+ {[%emt 0:00:06]} Kf2 {[%emt 0:02:13]} 74. Rg4 {[%emt 0:00:33]} Re3+ {[%emt 0:01:12]} 75. Kd4 {[%emt 0:00:30]} Rg3 {[%emt 0:00:01]} 76. Rf4+ {[%emt 0:00:00]} Kg2 {[%emt 0:00:15]} 77. Ke4 {[%emt 0:01:09]} g5 {[%emt 0:01:09]} 78. Rf5 {[%emt 0:00:38]} Kh3 {[%emt 0:00:08]} 79. Rf1 {[%emt 0:00:31]} Kg4 {[%emt 0:00:24]} 80. Rh1 {[%emt 0:00:32]} Rg2 {[%emt 0:00:11]} 81. Ke3 {[%emt 0:00:21]} Kg3 {[%emt 0:00:03]} 82. Rh8 {[%emt 0:00:40]} g4 {[%emt 0:00:01]} 83. Rh7 {[%emt 0:00:30]} Rg1 {[%emt 0:00:27]} 84. Ke2 {[%emt 0:00:19]} Kg2 {[%emt 0:00:02]} 85. Rg7 {[%emt 0:00:52]} g3 {[%emt 0:00:01]} 86. Rg8 {[%emt 0:00:15]} Ra1 {[%emt 0:00:18]} 87. Rh8 {[%emt 0:00:24]} Ra7 {[%emt 0:00:32]} 88. Ke3 {[%emt 0:00:38]} Re7+ {[%emt 0:00:30]} 89. Kd2 {[%emt 0:00:29]} Kf2 {[%emt 0:00:14]} 90. Rf8+ {[%emt 0:00:09]} Kg1 {[%emt 0:00:00]} 91. Rg8 {[%emt 0:00:02]} g2 {[%emt 0:00:04]} 92. Rh8 {[%emt 0:00:21]} Re5 {[%emt 0:00:39]} 93. Rh7 {[%emt 0:01:00]} Kf2 {[%emt 0:00:10]} 94. Rf7+ {[%emt 0:00:29]} Kg3 {[%emt 0:00:07]} 95. Rg7+ {[%emt 0:00:01]} Kf3 {[%emt 0:00:04]} 96. Kd3 {[%emt 0:01:31]} Rd5+ {[%emt 0:00:11]} 1-0

[Event "27th CRO-chT 1A-Men 2018"]
[Site "Biograd"]
[Date "2018.09.09"]
[Round "2.17"]
[White "Dutina, Dario"]
[Black "Brnas, Augustin"]
[Result "1-0"]
[WhiteElo "2245"]
[BlackElo "2190"]
[Annotator "ChessBase"]
[PlyCount "67"]
[EventDate "2018.09.08"]
[EventType "team-tourn"]
[EventCountry "CRO"]
[SourceTitle "playchess.com"]
[Source "ChessBase"]
[SourceQuality "1"]
[TimeControl "40/5400+30:1800+30"]

1. e4 {[%emt 0:00:30]} e5 {[%emt 0:03:30]} 2. Nf3 {[%emt 0:00:00]} Nc6 {[%emt 0:00:30]} 3. Nc3 {[%emt 0:02:00]} Nf6 {[%emt 0:02:30]} 4. Bb5 {[%emt 0:00:30]} Bb4 {[%emt 0:04:30]} 5. O-O {[%emt 0:00:30]} Bxc3 {[%emt 0:04:30]} 6. bxc3 {[%emt 0:00:30]} O-O {[%emt 0:00:30]} 7. Re1 {[%emt 0:03:30]} d6 {[%emt 0:06:30]} 8. d4 {[%emt 0:03:30]} Bg4 {[%emt 0:05:30]} 9. Bxc6 {[%emt 0:21:30]} bxc6 {[%emt 0:05:30]} 10. dxe5 {[%emt 0:02:30]} Bxf3 {[%emt 0:00:30]} 11. Qxf3 {[%emt 0:00:30]} dxe5 {[%emt 0:00:30]} 12. Bg5 {[%emt 0:01:30]} Qe7 {[%emt 0:02:30]} 13. Red1 {[%emt 0:25:30]} Rab8 {[%emt 0:09:30]} 14. h4 {[%emt 0:18:39]} h6 {[%emt 0:09:30]} 15. Bxf6 {[%emt 0:04:10]} Qxf6 {[%emt 0:00:30]} 16. Qxf6 {[%emt 0:00:03]} gxf6 {[%emt 0:00:00]} 17. Rab1 {[%emt 0:01:15]} Rb6 {[%emt 0:00:00]} 18. Rb3 {[%emt 0:00:04]} Rfb8 {[%emt 0:00:30]} 19. Rd7 {[%emt 0:01:07]} Rc8 {[%emt 0:00:30]} 20. c4 {[%emt 0:01:29]} Kf8 {[%emt 0:02:30]} 21. Kh2 {[%emt 0:02:42]} Ke8 {[%emt 0:00:30]} 22. Rdd3 {[%emt 0:00:17]} Ke7 {[%emt 0:01:30]} 23. Kh3 {[%emt 0:00:26]} h5 {[%emt 0:01:30]} 24. c5 {[%emt 0:00:31]} Rbb8 {[%emt 0:01:30]} 25. Rxb8 {[%emt 0:00:58]} Rxb8 {[%emt 0:00:30]} 26. Rb3 {[%emt 0:00:03]} Ra8 {[%emt 0:01:30]} 27. Rb7 {[%emt 0:00:20]} Kd7 {[%emt 0:00:00]} 28. g4 {[%emt 0:00:43]} hxg4+ {[%emt 0:01:00]} 29. Kxg4 {[%emt 0:00:32]} Rg8+ {[%emt 0:00:30]} 30. Kh3 {[%emt 0:00:28]} a5 {[%emt 0:03:30]} 31. Ra7 {[%emt 0:00:10]} Rb8 {[%emt 0:00:30]} 32. Rxa5 {[%emt 0:00:10]} Rb2 {[%emt 0:00:30]} 33. h5 {[%emt 0:00:45]} Rxc2 {[%emt 0:00:30]} 34. h6 {[%emt 0:02:06]} 1-0

[Event "27th CRO-chT 1A-Men 2018"]
[Site "Biograd"]
[Date "2018.09.09"]
[Round "2.18"]
[White "Ivankovic, Ivo"]
[Black "Bozinovic, Bogdan"]
[Result "0-1"]
[WhiteElo "2110"]
[BlackElo "2229"]
[Annotator "NA"]
[PlyCount "50"]
[EventDate "2018.09.08"]
[EventType "team-tourn"]
[EventCountry "CRO"]
[SourceTitle "playchess.com"]
[Source "ChessBase"]
[SourceQuality "1"]
[TimeControl "40/5400+30:1800+30"]

1. c4 {[%emt 0:00:30]} Nf6 {[%emt 0:02:30]} 2. Nc3 {[%emt 0:00:30]} c5 {[%emt 0:00:30]} 3. Nf3 {[%emt 0:00:30]} e6 {[%emt 0:02:30]} 4. e4 {[%emt 0:05:30]} Nc6 {[%emt 0:01:30]} 5. d4 {[%emt 0:01:30]} cxd4 {[%emt 0:01:30]} 6. Nxd4 {[%emt 0:00:30]} Bb4 {[%emt 0:01:30]} 7. Nxc6 {[%emt 0:08:30]} bxc6 {[%emt 0:01:30]} 8. Bd3 {[%emt 0:03:30]} d5 {[%emt 0:06:30]} 9. exd5 {[%emt 0:04:30]} exd5 {[%emt 0:02:30]} 10. O-O {[%emt 0:01:30]} O-O {[%emt 0:01:30] LiveBook: 4 Partien} 11. Bg5 $11 {[%emt 0:09:30]} h6 {[%emt 0:04:30]} 12. Bh4 {[%emt 0:02:30]} Be6 {[%emt 0:06:30]} 13. cxd5 {[%emt 0:08:30]} cxd5 {[%emt 0:00:30]} 14. Nb5 {[%emt 0:05:30]} Be7 {[%emt 0:06:30]} 15. Nd4 {[%emt 0:04:30]} Bd7 {[%emt 0:07:30]} 16. Bf5 {[%emt 0:05:30]} g6 {[%emt 0:13:30]} 17. Bxd7 {[%emt 0:00:30]} Qxd7 {[%emt 0:00:30]} 18. Qf3 {[%emt 0:02:30]} Ne4 {[%emt 0:02:30]} 19. Bxe7 {[%emt 0:00:30]} Qxe7 {[%emt 0:00:00]} 20. Rfd1 {[%emt 0:02:30]} Rac8 {[%emt 0:04:00]} 21. Rd3 {[%emt 0:04:30]} Qb4 {[%emt 0:04:30]} 22. b3 {[%emt 0:02:30]} Rc3 {[%emt 0:05:30]} 23. a3 {[%emt 0:04:30]} Qc5 {[%emt 0:00:30]} 24. Rxc3 {[%emt 0:03:06]} Nxc3 {[%emt 0:01:30]} 25. Qe3 {[%emt 0:02:14]} Qxd4 {[%emt 0:00:00]} 0-1

[Event "27th CRO-chT 1A-Men 2018"]
[Site "Biograd"]
[Date "2018.09.09"]
[Round "2.19"]
[White "Bosiocic, Marin"]
[Black "Braun, Arik"]
[Result "0-1"]
[WhiteElo "2600"]
[BlackElo "2581"]
[Annotator "TA"]
[PlyCount "54"]
[EventDate "2018.09.08"]
[EventType "team-tourn"]
[EventCountry "CRO"]
[SourceTitle "playchess.com"]
[Source "ChessBase"]
[SourceQuality "1"]

{[%evp 19,54,0,0,-8,-10,-35,-42,-47,7,-54,-56,-51,-51,-55,-41,-43,-38,-102,-118,-105,-112,-601,-567,-669,-667,-731,-741,-2992,-2904,-2837,-2509,-29987,-29988,-29988,-29989,-29989,-29990]} 1. e4 c6 2. d4 d5 3. e5 Bf5 4. Nf3 e6 5. Be2 c5 6. O-O Nc6 7. Be3 cxd4 8. Nxd4 Nxd4 {B12: Caro-Kann: Advance Variation} 9. Qxd4 Ne7 10. Bb5+ Nc6 {LiveBook: 5 Games. The position is equal.} 11. g4 (11. Qa4 Qc8 12. Nd2 a6 13. Bd3 Bxd3 14. cxd3 Qd7 15. Rac1 Nxe5 16. Qd4 {1-0 (55) Nepomniachtchi,I (2757)-Ivanchuk,V (2710) Jerusalem 2018}) 11... Bg6 $1 12. f4 $146 ({Predecessor:} 12. Qa4 Qc8 13. f4 a6 14. Bxc6+ Qxc6 15. Qxc6+ bxc6 16. f5 exf5 17. gxf5 {1-0 (31) Abdel Samee,M (2185)-Ezat,M Cairo 1998}) 12... Qd7 13. Qa4 {Hoping for f5!} f5 (13... Rc8 $15) 14. g5 ({White should try} 14. exf6 $11 gxf6 15. f5 $1 {[%mdl 512]} exf5 16. Nc3) 14... h6 15. gxh6 Rxh6 16. Nd2 Rc8 {[%cal Ba8c8,Bc8c6,Bc6c3,Bc3d3][%mdl 32]} 17. Bxc6 Rxc6 18. Qxa7 {[#]} (18. c3 $15) 18... Bh5 $1 $17 ({And not} 18... Rxc2 19. Rfc1 $14) 19. c3 {[#]} Rg6+ $1 20. Kh1 $2 {[%mdl 8192]} (20. Kf2 $17) 20... Rxc3 $19 {White must now prevent ...d4!} 21. Bd4 Rd3 22. Nb3 Qb5 {( -> ...Rd1)} 23. Bc5 Bf3+ 24. Rxf3 Rxf3 25. Nd2 Bxc5 {Black mates.} 26. Qb8+ Kd7 27. Nxf3 Qxb2 {Precision: White = 16%, Black = 78%.} 0-1

[Event "27th CRO-chT 1A-Men 2018"]
[Site "Biograd"]
[Date "2018.09.09"]
[Round "2.20"]
[White "Georgiev, Kiril"]
[Black "Beliavsky, Alexander G"]
[Result "0-1"]
[WhiteElo "2590"]
[BlackElo "2540"]
[Annotator "TA"]
[PlyCount "164"]
[EventDate "2018.09.08"]
[EventType "team-tourn"]
[EventCountry "CRO"]
[SourceTitle "playchess.com"]
[Source "ChessBase"]
[SourceQuality "1"]

{[%evp 19,164,-41,17,-19,-8,-5,0,-16,-8,0,0,0,0,-24,-24,-24,-22,-15,-15,-20,-18,-15,-20,-19,-28,-26,-18,-107,-107,-107,-94,-106,-101,-106,-101,-106,-83,-83,-83,-83,-83,-83,-83,-83,-83,-94,-94,-94,-83,-83,-83,-94,-94,-94,-83,-94,-83,-83,-83,-83,-83,-83,-83,-83,-83,-83,-83,-83,-83,-83,-29,-83,-37,-83,-16,-16,-16,-16,-12,-108,-108,-108,-108,-200,-200,-12837,-12839,-12842,-12840,-12845,-12848,-29936,-29940,-29942,-29947,-29945,-29938,-29936,0,-29937,0,-12849,0,-29936,-12841,-29942,-12850,-12842,-12844,-12846,0,-12841,-12849,-12843,-12849,-12850,-12849,-29937,-29942,-12846,-29938,-29936,-29942,-29949,-29946,-29951,-29955,-29957,-29956,-29962,-29962,-29959,-29963,-29959,-11909,-5333,-5325,-5285,-5285,-29991,-29989,-29992,-29993,-29994,-29991,-29991,-29991]} 1. c4 e6 2. Nf3 d5 3. d4 Nf6 4. g3 Bb4+ 5. Nc3 dxc4 6. Bg2 Nc6 7. O-O O-O 8. Bg5 h6 9. Bxf6 Qxf6 10. e3 {E20: Nimzo-Indian: 4 g3 and 4 f3} Rd8 {LiveBook: 18 Games} (10... Rb8 $15) (10... Bxc3 11. bxc3 Rb8 12. Nd2 Na5 13. Qa4 b6 14. Qb5 Qf5 15. a4 c6 16. Qb4 Ba6 17. e4 Qg5 {0-1 (45) Perelshteyn,E (2509)-Giri,A (2771) Reykjavik 2017}) 11. a3 Bxc3 12. bxc3 {The position is equal.} Bd7 $146 ({Predecessor:} 12... e5 13. Nd2 b5 14. a4 b4 15. cxb4 exd4 16. Qf3 dxe3 17. Qxf6 gxf6 18. Nxc4 Nxb4 19. Bxa8 {1-0 (28) Gutman,L (2451)-Friedel,J (2531) Dresden 2011}) 13. Qe2 Na5 14. Ne5 Rab8 15. a4 c5 16. Nxc4 Nxc4 17. Qxc4 cxd4 18. cxd4 b5 19. Qc5 bxa4 20. Qxa7 e5 21. dxe5 Qxe5 22. h4 Be8 23. Rxa4 (23. Rac1 $11 {remains equal.}) 23... Bxa4 $17 24. Qxa4 Rd2 25. Qe4 Qxe4 26. Bxe4 {[%mdl 4096] Endgame KRR-KRB} Rb4 27. Bf3 g5 28. hxg5 hxg5 29. g4 Rdb2 30. Kg2 Rb1 31. Rxb1 Rxb1 {KR-KB} 32. Kg3 Kf8 33. Be4 Re1 34. Kf3 Ke7 35. Bd5 Rg1 36. Bc4 Rb1 37. Kg3 f6 38. f4 Rc1 39. Bg8 Rc8 40. Bh7 Kd6 41. Kf3 Kd5 42. Bg6 Rc7 43. Bd3 Re7 44. Bf5 Kc4 (44... Kc5 $17 45. Bd3 Kb4) 45. Kf2 (45. e4 $1 $11) 45... Kc3 46. Kf3 Kd2 (46... Ra7 $17 47. Ke2 Rb7) 47. e4 $1 $11 Kc3 {Black wants to play ...Kd4.} 48. Ke3 $1 Kc4 {And now ...Kc5 would win.} 49. Bg6 (49. e5 $11) 49... Kc5 $17 50. Bf5 Re8 51. Bg6 (51. Kf3 $17 {might work better.}) 51... Rb8 $19 {Strongly threatening ...Rb3+.} 52. fxg5 $2 (52. Bf7) 52... fxg5 53. Bf5 Rb3+ 54. Ke2 Kd4 55. Kf2 Ke5 56. Ke2 Kf4 57. Kd2 Rb2+ 58. Kd3 Rb3+ 59. Kd2 $1 Ke5 (59... Rb8 $142 60. Kd3 Rb4 61. Kd2 Rd4+ 62. Ke2 Rd8 63. Kf2 Rd2+ 64. Ke1 Ke3 65. Kf1 Ra2 66. Be6 Rf2+ 67. Kg1 Kf3 68. e5 Re2 69. Bd7 Rxe5 70. Kf1 Re7 71. Bf5 Re2 72. Kg1 Rd2 73. Bc8 Rd1+ 74. Kh2 Rd8 75. Be6 Kf2 76. Bf7 Rd4 77. Be6 Ra4 78. Bd5 Rxg4 79. Be6 Rh4+ 80. Bh3 g4 81. Kh1 Rxh3#) 60. Ke2 $1 Kd4 (60... Ra3 $19 61. Kf2 Kf4) 61. Kf2 $1 Kd3 (61... Ra3 $142 62. Bg6 Ra6 63. Bh7 Ke5 64. Kf3 Ra3+ 65. Ke2 Rh3 66. Bf5 Ra3 67. Kd2 Ra4 68. Ke3 Ra3+ 69. Ke2 Rb3 70. Kd2 Rg3 71. Ke2 Ra3 72. Kd2 Kf4 73. Ke2 Rg3 74. Kd2 Ke5 75. Ke2 Rg2+ 76. Kd3 Rb2 77. Kc3 Ra2 78. Kd3 Kf4 79. Kc3 Ra6 80. Kd3 Ra2 81. Kc3 Ra6 82. Kd2 Rd6+ 83. Ke2 Rd4 84. Kf2 Rd2+ 85. Ke1 Ke3 86. Bg6 Rd6 87. Bf5 Rd2 88. Bg6 Rd6 89. Bf5 Rd2) 62. Be6 Rb2+ (62... Ra3 $142 63. Bf5 Kd4 64. Kg2 Ke5 65. Kf2 Kf4 66. Ke2 Ra2+ 67. Kd3 Ra6 68. Ke2 Rd6 69. Kf2 Rd2+ 70. Ke1 Ke3 71. Kf1 Kf3 72. Ke1 Rd3 73. Be6 Re3+ 74. Kf1 Kxe4 75. Kf2 Kf4 76. Bf5 Rh3 77. Kg1 Kf3 78. Bc8 Rh8 79. Be6 Rd8 80. Bf5 Rd1+ 81. Kh2 Kf2 82. Bg6 Rd4 83. Bh5 Ra4 84. Bg6 Rxg4 85. Bf5 Rh4+ 86. Bh3 g4 87. Kh1 Rxh3#) 63. Kf3 Rb1 64. Kf2 Rb2+ 65. Kf3 Kd4 66. Bf5 Rc2 67. Bg6 Rc3+ 68. Kf2 Ke5 69. Bf5 Ra3 70. Ke2 Kf4 71. Kd2 Ra8 72. Kd3 Rd8+ 73. Ke2 Rd4 74. Kf2 Rd2+ 75. Ke1 {[#]} Ke3 $1 76. Kf1 Re2 (76... Rh2 $142 77. Kg1 Re2 78. Bg6 Kf3 79. Bf5 Ra2 80. Be6 Rb2 81. Bf5 Rd2 82. e5 Rd1+ 83. Kh2 Re1 84. Bh7 Kxg4 85. Kg2 Re2+ 86. Kf1 Kf3 87. Bf5 Rxe5 88. Bd3 g4 89. Ba6 Ra5 90. Bb7+ Kg3 91. Bc8 Rg5 92. Ke1 Kh2 93. Ke2 Re5+ 94. Kd2 Rd5+ 95. Ke3 g3 96. Bb7 {[#]} g2 $1 {[%mdl 512]} 97. Bxd5 g1=Q+ 98. Kd3 Qf1+ 99. Kd4 Kg3 100. Ke4 Qe2+ 101. Kd4 Kf4 102. Bc4 Qe5+ 103. Kd3 Qe3+ 104. Kc2 Ke5 105. Bb3 Kd4 106. Kb2 Qc3+ 107. Kb1 Qxb3+ 108. Ka1 Qb4 109. Ka2 Kc3 110. Ka1 Qb2#) 77. Kg1 Kf3 78. Kf1 Re3 79. Kg1 Re1+ {Black mates.} 80. Kh2 Kf2 81. Bg6 Ra1 82. e5 Ra6 {Precision: White = 42%, Black = 57%.} 0-1

[Event "27th CRO-chT 1A-Men 2018"]
[Site "Biograd"]
[Date "2018.09.09"]
[Round "2.21"]
[White "Sebenik, Matej"]
[Black "Muse, Drazen"]
[Result "0-1"]
[WhiteElo "2570"]
[BlackElo "2352"]
[Annotator "TA"]
[PlyCount "52"]
[EventDate "2018.09.08"]
[EventType "team-tourn"]
[EventCountry "CRO"]
[SourceTitle "playchess.com"]
[Source "ChessBase"]
[SourceQuality "1"]

{[%evp 13,52,43,35,24,41,41,54,52,72,61,68,64,72,41,51,52,58,54,93,26,74,-48,-47,-39,-41,-41,-43,-66,-57,-92,-85,-90,-64,-75,-77,-77,-78,-97,-100,-370,-378]} 1. d4 d5 2. c4 Bf5 3. cxd5 Bxb1 4. Qa4+ c6 5. Rxb1 Qxd5 6. Nf3 Nd7 7. a3 Ngf6 8. e3 {D06: Queen's Gambit: Symmetrical and Baltic Defences} e6 (8... Qf5 9. Ra1 e5 10. Be2 Bd6 11. dxe5 Nxe5 12. O-O O-O 13. Nd4 Qg6 14. Qc2 Qxc2 15. Nxc2 {1-0 (65) Ovsejevitsch,S (2569)-Warakomski,T (2503) Polanica Zdroj 2013}) 9. Qc2 Be7 10. b4 {White is slightly better.} Qh5 $146 ({Predecessor:} 10... O-O 11. Bc4 Qh5 12. O-O Bd6 13. Be2 Qg6 14. Bd3 Qh5 15. Be2 Qg6 {1-0 (52) Grobbel,R (2068)-Huette,S (2013) Germany 2013}) 11. Be2 Qg6 12. Qxg6 hxg6 13. Nd2 Nb6 14. O-O Na4 {[#] Threatens to win with ...Nc3.} 15. Rb3 b5 16. Bf3 ({White should try} 16. Nf3 $16) 16... Kd7 17. Ne4 (17. Be2 $16) 17... Nxe4 $15 18. Bxe4 Nb6 19. Bd3 a5 20. Bd2 axb4 21. Bxb4 Bxb4 22. axb4 Ra4 23. Rc1 Nd5 24. Rcb1 Rha8 25. g3 Ra3 26. Be4 $2 {[%mdl 8192] [#]} (26. Bc2 $17) 26... Nc3 $1 {Precision: White = 40%, Black = 49%.} 0-1